| 000 | 004160000a22001690004500 | ||
|---|---|---|---|
| 003 | MACL | ||
| 005 | 20160119155537.0 | ||
| 008 | 160119b xxu||||| |||| 00| 0 eng d | ||
| 040 |
_aMACL _cMACL |
||
| 041 | _aEnglish | ||
| 082 | _a001/GOL | ||
| 100 |
_aGoleman, Daniel _933301 |
||
| 245 | _aEmotional Intelligence | ||
| 260 |
_bBantam Books _c1996 _aCanada |
||
| 650 |
_aknowledge _923065 |
||
| 942 |
_cBK _k001/GOL _2ddc |
||
| 999 |
_c37154 _d37154 |
||